000 00509nam a2200157Ia 4500
008 100204s9999 xx 000 0 und d
082 _b20114
100 _aजोशी वा. म.
245 _aरागिणी
260 _b"मेहता पब्लिशिंग हाऊस , पुणे"
_c1997 2
300 _a222
630 _aरागिणी
700 _aखांडेकर विष्णू सखाराम
730 _aरागिणी
942 _cBOOK
999 _c464536
_d464533